000 00506nam a2200157Ia 4500
008 151213s9999 xx 000 0 und d
100 _aCourtland L. Bovee, John V. Thill & Barbara E. Schatzman
245 _aBusiness Communication Today
_cCourtland L. Bovee, John V. Thill & Barbara E. Schatzman
250 _a7th
260 _aU S A
_bPerson
_c2003
300 _a2316 p.
650 _aBusiness
650 _aBusiness
700 _aCourtland L. Bovee, John V. Thill & Barbara E. Schatzman
999 _c1648
_d1648